00610nam a2200157 a 4500001001500000005001700015008004100032100002400073245008100097260004100178300002000219700002200239856007100261999001700332952010300349ASIN019636033120140919171325.0140918s2005 xxu eng d1 aKhan, Abdul Waheed.14aLife of muhammad Sal Lal Lahui Alaihi Wa Allei Wa SallamcAbdul Waheed Khan. aKarachi :bAbdul Waheed Khan,c2005. a30 p. ;c23 cm.1 aAbdul Waheed Khan403Amazon.comuhttp://www.amazon.com/exec/obidos/ASIN/chopaconline-20 c10194d10194 00104070aQUESTCLbQUESTCLd2014-09-19l0o297.922KHApD702r2014-09-19 00:00:00w2014-09-19yBK